000 00582nam a2200205 4500
001 VA25264
003 ES-SlBCS
005 20210601154935.0
008 140520s1950 xxu||||| |||| 00| 0 spa d
041 _aspa
100 1 _aOkinczyc, J.
_9375582
245 1 0 _aLa muerte
_cJ. Okinczyc; Roger Troisfontaines, P. Diffine, Antonio Sancho
260 _aMadrid :
_bStudium
_c, 1950
300 _a77 p.;
_c19 cm
650 _aMuerte-Prueba de Amor
_9375583
700 1 0 _aDiffine, P.
_943234
700 1 0 _aSancho, Antonio
_925922
700 1 0 _aTroisfontaines, Roger
_919670
942 _cBK
999 _c811162
_d811162